| 000 | 00976nam a22003017a 4500 | ||
|---|---|---|---|
| 003 | CHAP | ||
| 005 | 20220329143418.0 | ||
| 008 | 090519s2004 mx r 00010 spa d | ||
| 010 | _a96193 | ||
| 011 | _a97165 | ||
| 020 | _a9682460786 | ||
| 035 | _a107827 | ||
| 040 | _cCHAP | ||
| 082 | 0 | 4 |
_a371.26 _bV23 |
| 100 | 1 |
_aValenzuela González, Jaime Ricardo. _9117487 |
|
| 245 | 1 | 0 |
_aEvaluación de instituciones educativas _c/por Jaime Ricardo Valenzuela González |
| 260 |
_aMéxico : _bTrillas, _cc2004 |
||
| 300 |
_a270 p. : _bcuadros, diagramas |
||
| 590 |
_aBATCH-UPD _b10 _c20130110 _lUCH01 _h1554 |
||
| 590 |
_aBATCH-UPD _b10 _c20130410 _lUCH01 _h0952 |
||
| 590 |
_aBATCH-UPD _b10 _c20130914 _lUCH01 _h1239 |
||
| 590 |
_aCONVERSION _b10 _c20130109 _lUCH01 _h1353 |
||
| 650 | 1 | 4 |
_aAprendizaje. _96370 |
| 650 | 1 | 4 |
_aEducación _xEvaluación. _935444 |
| 901 | _aBK | ||
| 942 | _cLIBRO | ||
| 949 |
_a371.26 V23 _bBC _cLIBRO _d33724002093892 _eLIBRO _gI.c/e _h110506 _i107827 _sb _t$230.00 |
||
| 999 |
_c96193 _d96193 |
||